000 00891nam a22003130a 4500
001 PT55725
003 AR-LpoUNG
005 20210131231725.0
008 191001s2006||||ag |||||||||||||||||spa d
020 _a9500253399
_c$74
040 _aAR-LpoUNG
_bspa
_cAR-LpoUNG
_eaacr
041 _aspa
_aeng
044 _aag
082 0 _aR428 37dic
245 1 0 _aDiccionario español-inglés = English-spanish :
_bdictionary
250 _a1ra. ed., 4ta. reimpr.
260 _aBuenos Aires :
_bEl Ateneo,
_c2006.
300 _axi, 251 p. :
_bgráfs., fot.
650 4 _aDICCIONARIOS
650 4 _aLENGUA ESPAÑOLA
650 4 _aLENGUA INGLESA
650 4 _aMATERIAL DE REFERENCIA
651 4 _aDOCUMENTOS TEORICOS O METODOLOGICOS
653 _aDICCIONARIOS BILINGÜES
653 _aDICCIONARIOS DE INGLES
710 2 _aEl Ateneo (Buenos Aires)
905 _a55725
942 _cLSALA
999 _c11595
_d11595